Central Library OPAC University of Rajshahi
Normal view MARC view

Entry Topical Term

Number of records used in: 2

001 - CONTROL NUMBER

  • control field: 6173

003 - CONTROL NUMBER IDENTIFIER

  • control field: BD-RjUL

005 - DATE AND TIME OF LATEST TRANSACTION

  • control field: 20221206123949.0

008 - FIXED-LENGTH DATA ELEMENTS

  • fixed length control field: 221206|| aca||aabn | a|a d

040 ## - CATALOGING SOURCE

  • Original cataloging agency: BD-RjUL
  • Transcribing agency: BD-RjUL

150 ## - HEADING--TOPICAL TERM

  • Topical term or geographic name entry element: God
  • General subdivision: Proof

670 ## - SOURCE DATA FOUND

  • Source citation: Work cat.: (BD-RjUL)80905: موريسون، أبراهام كريسي، Morrison, Abraham Cressy, 1864- 6171, العلم يدعو للايمان /al ilm yadeu lilayman /, ١٩٦٥